Szczegóły MARC21

Defraudacja i korupcja : zapobieganie i wykrywanie /

003 -Nazwa inst., której nr kontr. jest w polu 001 [,]
    • @
    • Nazwa instytucji, której n kontrolny jest w polu 001
    • NUKAT
005 -DATA I CZAS OSTATNIEJ MODYFIKACJI [,]
    • @
    • pole kontrolne
    • 20241231101722.0
020 -Międzynarod. znormalizowany nr książki - ISBN [ , ]
    • a
    • Numer ISBN
    • 9788301151591 Find
040 -Instytucja sporządzająca opis [ , ]
    • a
    • Instytucja, która sporządziła opis (NP)
    • WR U/hp
    • c
    • Instytucja, która sporządziła rekord (NP)
    • WR U/hp
    • d
    • Instytucja, która zmodyfikowała rekord (P)
    • WR U/dl
    • d
    • Instytucja, która zmodyfikowała rekord (P)
    • WR U/MBs
    • d
    • Instytucja, która zmodyfikowała rekord (P)
    • WA U/UKP
041 -Język dokumentu [1, ]
    • a
    • Język tekstu (P)
    • polski
    • h
    • Język tekstu oryginalnego i/lub pośredniego (P)
    • angielski
942 -Rodzaj dokumentu [ , ]
    • c
    • Rodzaj dokumentu
    • Książka
100 -Hasło główne - nazwa osobowa [1, ]
    • a
    • Nazwa osobowa (NP)
    • Iyer, Nigel K.
    • 9
    • KHW
    • 44782
240 -Tytuł ujednolicony [1,0]
    • a
    • Tytuł ujednolicony
    • Fraud and corruption
    • l
    • Język tekstu
    • (pol.)
    • 9
    • KHW
    • 44786
245 -Strefa tytułu i oznaczenia odpowiedzialności [1,0]
    • a
    • Tytuł
    • Defraudacja i korupcja : Find
    • b
    • Ciąg dalszy tytułu (NP)
    • zapobieganie i wykrywanie / Find
    • c
    • Pozostałe elementy strefy tytułu i oznaczenia odpowiedzialności (NP)
    • Nigel Iyer, Martin Samociuk ; przekł. Małgorzata Nosorowska.
260 -Strefa adresu wydawniczego [ , ]
    • a
    • Miejsce wydania (P)
    • Warszawa :
    • b
    • Nazwa wydawcy (P)
    • Wydawnictwo Naukowe PWN,
    • c
    • Data wydania (P)
    • 2007.
300 -Strefa opisu fizycznego [ , ]
    • a
    • Określenie formy książki i/lub objętość (NP)
    • XII, 197, 105 s. :
    • b
    • Oznaczenie ilustracji (NP)
    • il. ;
    • c
    • Format (NP)
    • 25 cm.
336 -Typ zawartości [ , ]
    • a
    • Termin opisujący typ zawartości
    • Tekst
    • b
    • Kod określający zawartość
    • txt
    • 2
    • Źródło (terminu i kodu)
    • rdacontent
337 -Typ mediów [ , ]
    • a
    • Tryb odtwarzania
    • Bez urządzenia pośredniczącego
    • b
    • Kod typu mediów
    • n
    • 2
    • Źródło (terminu i kodu)
    • rdamedia
338 -Typ/rodzaj nośnika [ , ]
    • a
    • Hasło opisujące typ nośnika
    • Wolumin
    • b
    • Kod typu nośnika
    • nc
    • 2
    • Źródło (terminu i kodu)
    • rdacarrier
500 -Uwaga ogólna [ , ]
    • a
    • Uwaga ogólna (NP)
    • Liczbowanie stronic w przeciwnych kierunkach.
501 -Uwaga dot. prac współwydanych [ , ]
    • a
    • Uwaga dot. prac współwydanych
    • Współwyd. z: Spacer po linie : opowieść o defraudacji i korupcji / Nigel Iyer, Martin Samociuk ; przekł. Małgorzata Nosorowska.
504 -Uwaga dot. bibliogr. załącznikowej [ , ]
    • a
    • Uwaga dot. bibliografii załącznikowej
    • Bibliogr. s. 191-192. Indeks.
080 -Uniwersalna Klasyfikacja Dziesiętna [ , ]
    • 2
    • Identyfikator wydania tablic
    • UDC-P058
    • 9
    • UKD
    • 3487
    • a
    • Symbol klasyfikacji
    • 343.7
    • b
    • Dopowiedzenie
    • Przestępstwa przeciw mieniu. Kradzież. Rozbój. Rabunek. Korsarstwo. Piractwo. Paserstwo. Porywanie ludzi dla okupu. Kidnaping. Porywanie samolotów. Oszustwo. Defraudacja. Sprzeniewierzenie. Przywłaszczenie cudzej własności. Podpalenie.
080 -Uniwersalna Klasyfikacja Dziesiętna [ , ]
    • 2
    • Identyfikator wydania tablic
    • UDC-P058
    • 9
    • UKD
    • 3474
    • a
    • Symbol klasyfikacji
    • 343.35
    • b
    • Dopowiedzenie
    • Przestępstwa przeciw władzom publicznym. Przekupstwo. Łapownictwo. Korupcja. Nadużycie władzy. Naruszenie tajemnicy służbowej. Przestępstwa podatkowe, skarbowe.
650 -Hasło przedmiotowe [ ,7]
    • a
    • Hasło przedmiotowe
    • Przedsiębiorstwa
    • x
    • Określnik rzeczowy
    • praktyki nielojalne.
    • 2
    • Źródło terminu
    • kaba
    • 9
    • KHW
    • 126395
650 -Hasło przedmiotowe [ ,7]
    • a
    • Hasło przedmiotowe
    • Oszustwo (prawo).
    • 2
    • Źródło terminu
    • kaba
    • 9
    • KHW
    • 122774
650 -Hasło przedmiotowe [ ,7]
    • a
    • Hasło przedmiotowe
    • Korupcja
    • x
    • Określnik rzeczowy
    • zapobieganie.
    • 2
    • Źródło terminu
    • kaba
    • 9
    • KHW
    • 364546
980 -Symbol UKD [ , ]
    • a
    • UKD
    • 343.7:343.35
700 -Hasło dodatkowe - nazwa osobowa [1, ]
    • a
    • Nazwa osobowa (NP)
    • Samociuk, Martin. Find
    • 9
    • KHW
    • 44783
700 -Hasło dodatkowe - nazwa osobowa [1, ]
    • a
    • Nazwa osobowa (NP)
    • Nosorowska, Małgorzata. Find
    • e
    • Określenie rodzaju współpracy
    • Tł.
    • 9
    • KHW
    • 44781
700 -Hasło dodatkowe - nazwa osobowa [1,2]
    • a
    • Nazwa osobowa (NP)
    • Iyer, Nigel K. Find
    • t
    • Tytuł ujednolicony/tytuł (NP)
    • Tightrope Find
    • l
    • Język tekstu (NP)
    • (pol.)
    • 9
    • KHW
    • 44785
710 -Hasło dodatkowe - nazwa ciała zbiorowego [2, ]
    • a
    • Nazwa ciała zbiorowego lub nazwa geograficzna jako pierwszy element (NP)
    • Wydawnictwo Naukowe PWN.
    • 4
    • Kod relacji
    • pbl
    • 9
    • KHW
    • 52648
920 -ISBN [ , ]
    • a
    • ISBN
    • 978-83-01-15159-1 Find
Data inwentaryzacji Obwoluta Lokalizacja Status udost. Numer inwentarzowy
2012-07-17 BE-2E.73864
2012-10-121BE-2S.94292